| 000 | 00718nam a2200193Ia 4500 | ||
|---|---|---|---|
| 020 | _a8489206228 | ||
| 040 | _cAGL | ||
| 082 | _a589 CEN 1982 C143 Or. | ||
| 245 | 0 | 0 |
_aBiological nitrogen fixation technology for tropical agriculture : _bbased on papers presented at a workshop held at the Centro Internacional de Agricultura Tropical, March 9-13, 1981 / |
| 260 |
_aCali, Colombia : _bCentro Internacional de Agricultura Tropical, _c1982 |
||
| 300 |
_axv, 726 p. : _bill. ; _c24 cm |
||
| 650 | 0 | _aNitrogen | |
| 650 | 0 | _aNitrogen-fixing microorganisms | |
| 650 | 0 | _aAgriculture | |
| 700 | 1 | 0 | _aGraham, Peter H |
| 700 | 1 | 0 | _aHarris, Susan C |
| 710 | 2 | 0 | _aCentro Internacional de Agricultura Tropical |
| 942 | _cAEDBB | ||
| 999 |
_c18399 _d18399 |
||